[Event "Barcelona Sant Marti op 9th"]
[Site "Barcelona"]
[Date "2020.02.27"]
[Round "7"]
[White "Capdet Egea, Sergi"]
[Black "Rojas Fernandez, Andres"]
[Result "1-0"]
[WhiteElo "1634"]
[BlackElo "1893"]
[PlyCount "41"]
[EventDate "2020.01.16"]
[EventType "swiss"]
[EventRounds "9"]
[EventCountry "ESP"]
[SourceTitle "CBM 195 Extra"]
[Source "ChessBase"]
[SourceDate "2020.05.31"]
[SourceVersion "1"]
[SourceVersionDate "2020.05.31"]
[SourceQuality "1"]

1. e4 e6 2. d4 d5 3. Nd2 Nf6 4. e5 Nfd7 5. Bd3 c5 6. c3 Nc6 7. Ngf3 Qb6 8. 0-0 cxd4 9. cxd4 Nxd4 10. Nxd4 Qxd4 11. Nf3 Qb6 12. Qa4 Be7 13. Be3 Qb4 14. Qc2 h6 15. h3 0-0 16. a3 Qa5 17. Rfe1 Re8 18. b4 Qd8 19. Bb5 a6 20. Ba4 Nb6 21. Bxb6 1-0

[Event "Foment Martinenc op-C 20th"]
[Site "Barcelona"]
[Date "2018.05.26"]
[Round "6"]
[White "Rossell Aran, Joan"]
[Black "Capdet Egea, Sergi"]
[Result "1/2-1/2"]
[WhiteElo "1811"]
[BlackElo "1762"]
[PlyCount "47"]
[EventDate "2018.04.21"]
[EventType "swiss"]
[EventRounds "9"]
[EventCountry "ESP"]
[SourceTitle "CBM 184 Extra"]
[Source "ChessBase"]
[SourceDate "2018.06.28"]
[SourceVersion "1"]
[SourceVersionDate "2018.06.28"]
[SourceQuality "1"]

1. e4 e5 2. Nf3 Nc6 3. d4 exd4 4. Nxd4 Nf6 5. Nc3 Bb4 6. Nxc6 bxc6 7. Bd3 0-0 8. 0-0 Qe7 9. Re1 d6 10. a3 Bxc3 11. bxc3 Qe5 12. Bb2 Ng4 13. g3 Qh5 14. h4 Qc5 15. Qf3 Rb8 16. Rab1 f5 17. exf5 Bxf5 18. Bxf5 Rxf5 19. Qxg4 Qxf2+ 20. Kh1 Rxb2 21. Re8+ Kf7 22. Rbe1 Re5 23. Qd7+ Kg6 24. Qg4+ 1/2-1/2